Commentary on Sartre`s Being and Nothingness (Record no. 67146)

MARC details
000 -LEADER
fixed length control field 00396nam a2200145Ia 4500
008 - FIXED-LENGTH DATA ELEMENTS--GENERAL INFORMATION
fixed length control field 211109s9999||||xx |||||||||||||| ||und||
082 ## - DEWEY DECIMAL CLASSIFICATION NUMBER
Classification number 111
Item number CAT-C
100 ## - MAIN ENTRY--PERSONAL NAME
Personal name Catalano, Joseph S
245 #0 - TITLE STATEMENT
Title Commentary on Sartre`s Being and Nothingness
260 ## - PUBLICATION, DISTRIBUTION, ETC.
Name of publisher, distributor, etc. Co-Operative Store
Place of publication, distribution, etc. Bill No 749
Date of publication, distribution, etc. 1974
300 ## - PHYSICAL DESCRIPTION
Extent 239p.
630 ## - SUBJECT ADDED ENTRY--UNIFORM TITLE
General subdivision General Stack
650 ## - SUBJECT ADDED ENTRY--TOPICAL TERM
Topical term or geographic name entry element Philosophy
942 ## - ADDED ENTRY ELEMENTS (KOHA)
Koha item type BOOK
650 ## - SUBJECT ADDED ENTRY--TOPICAL TERM
Form subdivision Generalia
Holdings
Withdrawn status Lost status Damaged status Not for loan Home library Current library Date acquired Cost, normal purchase price Total Checkouts Full call number Barcode Shelving location Date last seen Price effective from Koha item type
        SB LIBRARY SB LIBRARY 09/11/2021 64.03   111 CAT-C 00051198 GENERAL STACK 09/11/2021 09/11/2021 BOOK

Powered by Koha